Ultimate Friends Quiz - Season 1 Stats

 Plays Quiz not verified by Sporcle

Challenge
Share
Tweet
Embed
Score 0/24 Timer 10:00
0 Plays Today
Hint Answer % Correct
Who is the first one to talk in the first episode?Monica
95.3%
Where is Ross when he finds out that Carol is pregnant?Museum
52.7%
Who walks in on Joey and Ross when Ross was practicing dirty talk?Chandler
52%
How much money does the soda company give Phoebe when she finds a thumb in her soda?7000
49.4%
Who does Joey inadvertently set Chandler up on a date with on Valentines Day?Janice
42.7%
What sport is Ross playing with his son in a nightmare where he is being charged by the Miami defense?football
40.8%
When he is trapped in an ATM vestibule with Jill Goodacre, Chandler says that gum is __________.perfection
39%
What stage name does Joey like, but is already taken by a Soviet Union leader?Joseph Stalin
34.9%
What kind of table do Joey and Chandler settle on after their old table breaksfoosball
33%
What grade is Monica's boyfriend in 'The One With the Ick Factor'?12
32.6%
What event is Joey and Chandler helping Ross get over when they take him to the hockey game?Anniversary
27.1%
Which balloon gets loose during the Thanksgiving parade on the first Thanksgiving the gang celebrates together?underdog
25.4%
Hint Answer % Correct
What is it about Chandler that makes people think he is gay?quality
25.2%
What is the name of Joey's dads mistress?Ronnie
21.4%
What does Joey's girlfriend Melanie (from 'The One Where Rachel Finds Out') sell for a living?fruit baskets
21.1%
What is the name of the co-worker Chandler has to fire, but instead ends up asking her out on a date?Nina
20.4%
When explaining to Monica that you only serve foods with 1 syllable at a poker game, which food that he lists has 2 syllables?pretzel
19.7%
What high school class did the Animal Control officer who is looking for Marcel sit behind Rachel in?homeroom
16.1%
How many people was Chandlers girlfriend Aurora involved with (not including Chandler)?3
15.4%
What are they celebrating in 'The One Wit the Monkey'New Years Eve
13.3%
What is Ross' excuse for doing laundry with Monica and Rachel?rat problem
12.3%
What does Mrs. Bing get a craving for after being intimate with a man?kung pao chicken
9%
When sleeping with Barry, even though he is engaged to Mindy, what perfume does Rachel wear that leads Mindy to assume Barry is having an affair when she smells it on him?chanel no 5
8.6%
Who plays the single mother the Joey helped out when he was in the hospital for the birth of Ross's son?Leah Remini
7.3%

You're not logged in!

Compare scores with friends on all Sporcle quizzes.
OR
Log In

You Might Also Like...

Show Comments

Extras

Created Apr 22, 2015ReportNominate
Tags:season, ultimate

Top Quizzes Today


Score Distribution

Your Account Isn't Verified!

In order to create a playlist on Sporcle, you need to verify the email address you used during registration. Go to your Sporcle Settings to finish the process.

Report this User

Report this user for behavior that violates our Community Guidelines.

Details: